000 00440nam a22001817a 4500
999 _c526328
_d526328
003 NUST
020 _a-
038 _aZafar Malik
082 _a891.42
_bNAW
100 _aNawaz
_914493
245 _aSham Rangi Kuri \
_cNawaz
260 _aLahore :
_bPakistan Punjabi Adbi Board ;
_c1983.
300 _a168 p. ;
500 _aPaperback
880 _6100-02\r
_aنواز
880 _6245-02\r
_aشام رنگی کڑی
942 _2ddc
_cBK